MARC

LEADER 00000nam0a2200000 4500
001 99253
005 20231101214234.0
010 |a 9668421086 
035 |a (RuTPU)RU\TPU\book\106479 
090 |a 99253 
100 |a 20060629d2005 km y0rusy50 ca 
101 0 |a rus 
102 |a UA 
105 |a a z 011zb 
200 1 |a Развитие теории процессов производства труб  |f под ред. В. Н. Данченко 
210 |a Днепропетровск  |c Системные технологии  |d 2005 
215 |a 260 с.  |c ил. 
300 |a К 100-летию со дня рождения Павла Терентьевича Емельяненко. 
320 |a Библиография в конце глав. 
600 1 |a Емельяненко  |b П. Т.  |c член-корреспондент АН УССР  |c основоположник теории процессов производства труб  |f 1905-1947  |g Павел Терентьевич  |2 stltpush  |3 (RuTPU)RU\TPU\pers\19242 
606 1 |a Трубное производство  |2 stltpush  |3 (RuTPU)RU\TPU\subj\61690  |9 78853 
610 1 |a трубы 
610 1 |a Украина 
610 1 |a винтовая прокатка 
610 1 |a горячая прокатка 
610 1 |a холодная прокатка 
610 1 |a прессование 
610 1 |a электросварные трубы 
610 1 |a формовка 
610 1 |a стальные трубы 
610 1 |a волочение 
675 |a 621.774  |v 3 
702 1 |a Данченко  |b В. Н.  |4 340 
801 1 |a RU  |b 63413507  |c 20060629  |g PSBO 
801 2 |a RU  |b 63413507  |c 20131101  |g PSBO 
942 |c BK 
959 |a 59/20060626  |d 1  |e 2750,00  |f ЧЗТЛ:1